000 00321nam a22001217a 4500
082 _a005.1 SUB'C
100 _aSUBRAMANIAN, N.DR
_966343
245 _aCOMPUTERS, GENESIS PROGRAMMING AND APPLICATIONS IN FORTRAN, BASIC AND COBOL
250 _a2ND
260 _aDELHI
_bA. H. WHEELER
_c1987
300 _a439P
942 _cBK
999 _c574323
_d574323